Los secretos de los virus y la naturaleza de la vida / (Registro nro. 148235)

Detalles MARC
000 -LEADER
campo de control de longitud fija 00576nam a2200181 4500
001 - NÚMERO DE CONTROL
campo de control 148235
003 - IDENTIFICADOR DE NÚMERO DE CONTROL
campo de control ES-MaACL
005 - FECHA Y HORA DE LA ÚLTIMA TRANSACCIÓN
campo de control 20230906202517.0
007 - CAMPO FIJO DE DESCRIPCIÓN FÍSICA--INFORMACIÓN GENERAL
campo de control de longitud fija t|
008 - DATOS DE LONGITUD FIJA--INFORMACIÓN GENERAL
campo de control de longitud fija 070214s1965 sp r ||||1| spa d
100 1# - ENTRADA PRINCIPAL--NOMBRE DE PERSONA
Nombre de persona Stanley, Wendell M.
9 (RLIN) 107908
245 14 - MENCIÓN DEL TÍTULO
Título Los secretos de los virus y la naturaleza de la vida /
Mención de responsabilidad, etc. Wendell M. Stanley, Evans G. Valens ; versión de A. Jorne.
260 ## - PUBLICACIÓN, DISTRIBUCIÓN, ETC.
Lugar de publicación, distribución, etc. Barcelona :
Nombre del editor, distribuidor, etc. Toray,
Fecha de publicación, distribución, etc. 1965.
300 ## - DESCRIPCIÓN FÍSICA
Extensión 226 p. :
Otras características físicas il. ;
Dimensiones 25 cm.
700 1# - ENTRADA AGREGADA--NOMBRE PERSONAL
Nombre de persona Valens, Evans G.
9 (RLIN) 112584
700 1# - ENTRADA AGREGADA--NOMBRE PERSONAL
Nombre de persona Jorne, A.
9 (RLIN) 66959
852 ## - LOCALIZACIÓN
Ubicación ES-MaACL
Número de control de estantería C-28419
Sublocalización o colección R.57619
Existencias
Estatus retirado Estado de pérdida Estado de daño No para préstamo Biblioteca de origen Biblioteca actual Ubicación en estantería Fecha de adquisición Fuente de adquisición Total de préstamos Signatura topográfica completa Código de barras Visto por última vez Precio de reemplazo Tipo de ítem Koha
        Biblioteca del Ateneo de Madrid Biblioteca del Ateneo de Madrid Depósito 2 17/01/2008     C-28419 1154697 23/02/2023 23/02/2023 Libro impreso